| 000 | 00414cam a2200169ua 4500 | ||
|---|---|---|---|
| 020 | _cRs 2.00 | ||
| 041 |
_ahin _h |
||
| 082 |
_a891.43 _bAMR/EK |
||
| 100 | _aAmritya, Pritam . | ||
| 245 |
_aEk Saval / _cAmritya Pritam. _hTextual Documents |
||
| 260 |
_a : _bHindi Prakad Bukhas Paiti Limited , _c1959. |
||
| 300 | _a120 ; . | ||
| 365 | _aRs 2.00 | ||
| 504 | _a | ||
| 942 | _cBK | ||
| 999 |
_c2539 _d2539 |
||